Biện pháp phát triển đội ngũ giảng viên các trường Cao đẳng ngoài công lập trên địa bàn thành phố Đà Nẵng trong giai đoạn hiện nay
Cơ sở lí luận. Thực trạng ... Biện pháp phát triển
Đã lưu trong:
| Tác giả chính: | |
|---|---|
| Tác giả khác: | |
| Định dạng: | Sách |
| Ngôn ngữ: | Vietnamese |
| Được phát hành: |
Đà Nẵng
Đại học Đà Nẵng
2011
|
| Những chủ đề: | |
| Các nhãn: |
Thêm thẻ
Không có thẻ, Là người đầu tiên thẻ bản ghi này!
|
| Thư viện lưu trữ: | Mạng thư viện Đại học Đà Nẵng |
|---|
| LEADER | 01576nam a2200349 4500 | ||
|---|---|---|---|
| 001 | 000010769 | ||
| 003 | 6985 | ||
| 005 | 20111220141225.0 | ||
| 008 | 111220s2011 viesd | ||
| 041 | |a vie | ||
| 072 | |a Luận văn Thạc sĩ Khoa học Giáo dục | ||
| 082 | |a 378.12 |b DU-T | ||
| 100 | |a Dương Thị Thìn | ||
| 245 | |a Biện pháp phát triển đội ngũ giảng viên các trường Cao đẳng ngoài công lập trên địa bàn thành phố Đà Nẵng trong giai đoạn hiện nay |c Dương Thị Thìn thực hiên; Phùng Đình Mẫn hướng dẫn | ||
| 260 | |a Đà Nẵng |b Đại học Đà Nẵng |c 2011 | ||
| 300 | |a 96tr. |c 29 cm |e CD. Tóm tắt luận văn | ||
| 500 | |a Luận văn Thạc sĩ Khoa học Giáo dục. Chuyên ngành: Quản lý Giáo dục. Mã số: 60.14.05 | ||
| 520 | |a Cơ sở lí luận. Thực trạng ... Biện pháp phát triển | ||
| 653 | |a Quản lý Giáo dục | ||
| 653 | |a Luận văn Thạc sĩ Khoa học Giáo dục | ||
| 653 | |a Hoạt động giáo dục | ||
| 700 | |a Phùng Đình Mẫn |c PGS.TS |e Hướng dẫn | ||
| OWN | |a LSP | ||
| AVA | |a UDN50 |b LSP |d 378.12 DU-T |e available |t Error 5001 Not defined in file expand_doc_bib_avail. |f 1 |g 0 |h N |i 0 |k 1 | ||
| 999 | |a From the UDN01 | ||
| AVA | |a UDN50 |b LSP |d 378.12 DU-T |e available |t Error 5001 Not defined in file expand_doc_bib_avail. |f 1 |g 0 |h N |i 0 |k 1 | ||
| TYP | |a Monograph | ||
| TYP | |a Printed language | ||
| 980 | |a Mạng thư viện Đại học Đà Nẵng | ||